01423cam a2200349 i 450000100090000000300040000900500170001300800410003001000170007102000370008803500130012504000280013804200080016605000240017408200140019810000220021224501910023426400600042530000230048533600260050833700280053433800270056249000340058950400410062365000260066465000320069077601340072290600450085694200120090199900170091395201430093018700048OSt20260213140753.0150714s2015 ilu b 000 0 eng  a 2015027490 a9780830824175qpbk. : alk. paper a18700048 aDLCbengcDLCerdadDLC apcc00aBS680.W78bR57 201500a248.32231 aRisbridger, John.14aThe message of worship :bcelebrating the glory of God in the whole of life /cJohn Risbridger, Minister and Team Leader at Above Bar Church, Southampton and Chair of Keswick Ministries. 1aDowners Grove, Illinois :bInter-Varsity Press,c[2015] a293 pages ;c21 cm atextbtxt2rdacontent aunmediatedbn2rdamedia avolumebnc2rdacarrier0 aThe Bible speaks today series aIncludes bibliographical references. 0aWorship in the Bible. 0aWorshipxBiblical teaching.08iOnline version:aRisbridger, John.tMessage of worshipdDowners Grove : InterVarsity Press, 2015z9780830899166w(DLC) 2015028875 a7bcbccorignewd1eecipf20gy-gencatlg 2lcccBK c21221d21220 00102lcc70aKABUbKABUcGENd2026-02-13eDonationi2025/3561l0oBS680.W78 R57 2015 C.1p39859r2026-02-13 14:09:17tC.1w2026-02-13yBK